Večer ľudí dobrej vôle Levoča 4.7.2010 : [programový bulletin]

Bibliographic Details
Main Author: Cabadaj, Peter, 1966- (Author)
Format: Book
Language:Slovak
PhysicalDescription:[6] s. fotogr. 30 cm
Published: [S.l.] Nadácia Prameň 2010
Edition:[1. vyd.]
Subjects:

MARC

LEADER 00000nam a22000005a 4500
001 vtls010429155
003 SK-MaSNL
005 20260301132708.0
008 240313s2010 xo oc g 000 0dslo
015 |a SNBE2013 
040 |a SNK  |b slo  |c SNK  |e AACR2 
041 0 |a slo 
043 |a e-xo--- 
044 |a xo  |c SK 
072 7 |a 394  |x Verejný a spoločenský život. Každodenný život  |2 konspekt 
080 |a 394-027.564.2  |2 2001 
080 |a 78.091-027.564.2  |2 2001 
080 |a (437.6)  |2 2001 
080 |a (083.97)  |2 2001 
080 |a (041)  |2 2001 
100 1 |a Cabadaj, Peter,  |d 1966-  |4 aut  |9 98153 
245 1 0 |a Večer ľudí dobrej vôle  |b Levoča 4.7.2010 : [programový bulletin]  |c [texty: Peter Cabadaj ; grafická úprava: Igor Štrbík] 
250 |a [1. vyd.] 
260 |a [S.l.]  |b Nadácia Prameň  |c 2010 
300 |a [6] s.  |b fotogr.  |c 30 cm 
366 |e 1500 výt. 
611 2 7 |a Večer ľudí dobrej vôle  |d (2010 :  |c Levoča, Slovensko)  |2 SNKKA  |9 483900 
648 7 |a 2010  |2 SNKPH  |9 324355 
650 0 7 |a benefičné podujatia  |2 SNKPH  |9 222651 
650 0 7 |a benefičné koncerty  |2 SNKPH  |9 70393 
650 0 7 |a Benefit performances  |2 SNKPHeng  |9 352586 
650 0 7 |a Benefit concerts  |2 SNKPHeng  |9 483901 
651 7 |a Levoča (Slovensko)  |2 SNKPH  |9 26696 
651 7 |a Levoča (Slovakia)  |2 SNKPHeng  |9 56375 
655 7 |a programy  |2 SNKPH  |9 70598 
655 7 |a letáky  |2 SNKPH  |9 70537 
655 7 |a Programs  |2 SNKPHeng  |9 330885 
655 7 |a Pamphlets  |2 SNKPHeng  |9 326431 
700 1 |a Štrbík, Igor,  |d 1964-  |4 bkd  |9 102927 
999 |c 751682  |d 753612 
952 |a SNK  |b SNK  |y PREZ  |7 0  |p 17A0954554  |o snkOSB 16714  |i snk2012/11429  |8 0  |0 0  |1 0  |4 0  |d 2012-06-12  |l 0  |r 2026-02-23 23:35:20  |w 2026-02-23